Catálogo público

The handbook of mites of economic plants : (Record no. 220815)

MARC details
000 -CABECERA
campo de control de longitud fija 03438nam a2200301 a 4500
003 - IDENTIFICADOR DEL NÚMERO DE CONTROL
campo de control OSt
005 - FECHA Y HORA DE LA ÚLTIMA TRANSACCIÓN
campo de control 20250820140545.0
008 - DATOS DE LONGITUD FIJA--INFORMACIÓN GENERAL
campo de control de longitud fija 250815s2016 uk a|||fr|||| 00| 0 eng d
020 ## - NÚMERO INTERNACIONAL ESTÁNDAR DEL LIBRO
Número Internacional Estándar del Libro 978-1-84593-994-6
040 ## - FUENTE DE LA CATALOGACIÓN
Centro catalogador/agencia de origen CHAP
Centro/agencia transcriptor PA
Normas de descripción rda
041 ## - CÓDIGO DE LENGUA
Código de lengua del texto/banda sonora o título independiente eng
Código de lengua del sumario o resumen eng
Código de lengua de la tabla de contenido eng
Código de lengua original eng
082 00 - NÚMERO DE LA CLASIFICACIÓN DECIMAL DEWEY
Número de clasificación PA 595.42
Número de documento/Ítem .V33 2016
100 ## - ENTRADA PRINCIPAL--NOMBRE DE PERSONA
Nombre de persona Vacante, Vincenzo
Término indicativo de función/relación autor.
9 (RLIN) 191039
245 ## - MENCIÓN DE TÍTULO
Título The handbook of mites of economic plants :
Resto del título Identification, bio-ecology and control /
Mención de responsabilidad, etc. Vincenzo Vacante
264 ## - PRODUCCIÓN, PUBLICACIÓN, DISTRIBUCIÓN, FABRICACIÓN Y COPYRIGHT
Producción, publicación, distribución, fabricación y copyright Wallingford :
Nombre del de productor, editor, distribuidor, fabricante CABI,
Fecha de producción, publicación, distribución, fabricación o copyright 2016.
300 ## - DESCRIPCIÓN FÍSICA
Extensión xvii, 872 páginas :
Otras características físicas ilustraciones
336 ## - TIPO DE CONTENIDO
Fuente rdacontent
Término de tipo de contenido texto
Código de tipo de contenido txt
337 ## - TIPO DE MEDIO
Fuente rdamedia
Nombre/término del tipo de medio sin medio
Código del tipo de medio n
338 ## - TIPO DE SOPORTE
Fuente rdacarrier
Nombre/término del tipo de soporte volumen
Código del tipo de soporte nc
504 ## - NOTA DE BIBLIOGRAFÍA, ETC.
Nota de bibliografía, etc. Incluye bibliografía e índice
505 ## - NOTA DE CONTENIDO CON FORMATO
Nota de contenido con formato Preface.-- Acknowledgements.-- Part I INTRODUCTION.-- 1. Introduction to the Acari.-- 2. External Morphology.-- 3. Internal Morphology.-- 4. Biology.-- 5. Ecology.-- 6. Collecting and Detecting, Preserving, Preparing and Rearing.-- 7. Mites and Plant Damage.-- 8. Mites as Biocontrol Agents of Weeds.-- 9. Control.-- 10. Brief History of the Main Published Works on the Mites of Economic Plants.-- 11. Classification of and Key for the Identification of Major Taxa. -- Part II. MITES INJURIOUS TO ECONOMIC PLANTS.-- 12. The Family Histiostomatidae Berlese.-- 13. The Family Acaridae Latreille.-- 14. The Family Erythraeidae Robineau-Desvoidy.-- 15. The Family Penthaleidae Oudemans.-- 16. The Family Eriophyidae Nalepa.-- 17.The Family Phytoptidae Murray.-- 18. The Family Diptilomiopidae Keifer.-- 19. The Family Tuckerellidae Baker et Pritchard.-- 20. The Family Tetranychidae Donnadieu.-- 21. The Family Tenuipalpidae Berlese.-- 22. The Family Tarsonemidae Canestrini et Fanzago.-- 23. Minor Families.-- References.-- Taxonomic Index.-- Subject Index.
520 ## - SUMARIO, ETC.
Ampliación de la nota de sumario Este manual ofrece una cobertura exhaustiva de los ácaros y los problemas que causan a los cultivos. Además, es fácil de buscar, está organizado por especie y se subdivide en útiles encabezados. Ofrece una visión global del problema de los ácaros perjudiciales para las plantas de importancia económica, describiendo los ácaros prevalentes en diferentes regiones y analizando los métodos de control adecuados para diferentes entornos. Este libro ofrece una referencia enciclopédica sobre los principales ácaros, descritos por familia en términos de su morfología interna y externa, bioecología y sistemática familiar. Se describen los métodos de recolección de ácaros y su estudio en laboratorio, así como las características diagnósticas de las especies, su distribución mundial, las plantas hospedantes, la identificación por el tipo de daño que causan y las estrategias de control, incluyendo la intervención química y biológica y las medidas de manejo integrado de plagas. Los ácaros de las siguientes familias son Eriophyoidea, Tarsonemidae, Tuckerellidae, Tenuipalpidae, Tetranychidae, Acaridae, Penthaleidae. El Manual de ácaros de plantas económicas es un recurso importante para estudiantes de entomología y producción de cultivos, y como una guía de referencia completa para investigadores y trabajadores de campo involucrados con ácaros, daños a los cultivos y producción de alimentos.
534 ## - NOTA SOBRE LA VERSIÓN ORIGINAL
Frase introductoria Título original:
650 #7 - PUNTO DE ACCESO ADICIONAL DE MATERIA--TÉRMINO DE MATERIA
Término de materia o nombre geográfico como elemento de entrada Ácaros
9 (RLIN) 82376
650 #7 - PUNTO DE ACCESO ADICIONAL DE MATERIA--TÉRMINO DE MATERIA
Término de materia o nombre geográfico como elemento de entrada Ácaros
Subdivisión general Identificación
9 (RLIN) 82380
650 #2 - PUNTO DE ACCESO ADICIONAL DE MATERIA--TÉRMINO DE MATERIA
Término de materia o nombre geográfico como elemento de entrada Ácaros
Subdivisión general Control biológico
9 (RLIN) 130905
942 ## - ELEMENTOS DE PUNTO DE ACCESO ADICIONAL (KOHA)
Fuente del sistema de clasificación o colocación Dewey Decimal Classification
Tipo de ítem Koha Libro
Holdings
Estado de retiro Estado de pérdida Fuente del sistema de clasificación o colocación Estado dañado Restricciones de uso No para préstamo Código de colección Localización permanente Ubicación/localización actual Fecha de adquisición Fuente de adquisición Número de inventario Total de préstamos Signatura topográfica completa Código de barras Fecha visto por última vez Precio válido a partir de Tipo de ítem Koha Número de copia
    Dewey Decimal Classification   Préstamo interno   General Parasitologia Agricola Parasitologia Agricola 15/08/2025 Compra I.275243   PA 595.42 .V33 2016 4102004146 15/08/2025 15/08/2025 Libro  
    Dewey Decimal Classification   Préstamo 3 días   General Parasitologia Agricola Parasitologia Agricola 18/08/2025 Compra I.275242   PA 595.42 .V33 2016 4102004147 18/08/2025 18/08/2025 Libro Ej.2